000 00295nam a22001337a 4500
008 170322b xxu||||| |||| 00| 0 eng d
020 _a0801649854
041 _aeng
080 _a616.8
100 _a7
101 _aSHM
245 _aDISORDERS OF THE PITUTARY
_cTINDAL.G.T
942 _2udc
_cBK
999 _c8402
_d8402